000 00716nam a2200217 a 4500
005 20140412111234.0
008 010130s19uu xx 00 eng d
020 _a0-394-80937-8
050 _aTR(PS
_bFo68 1968
050 _aER
_bFo68 1968
100 _aDr. Seuss
245 _aFoot book (The) /
_cby Dr. Seuss.
260 _aNew York :
_bRandom House,
_c1968.
300 _a1 v. (unp.) ; ill.
440 _aA Bright and Early Books for Beginning Beginners
520 _aText and pictures tell about many kind of feet--front feet, back feet, red feet, black feet, slow feet, quick feet, trick feet, sick feet, etc.
650 _aFoot
_xFiction
650 _aDr. Seuss
999 _c102319
_d102319